[Event "Mecklenburg VP LL2 Ost 0102"]
[Site "Mecklenburg VP"]
[Date "2002.03.17"]
[Round "7.7"]
[White "Spiegel, Matthias"]
[Black "Wegener, Lutz"]
[Result "1-0"]
[WhiteElo "1535"]
[BlackElo "1488"]
[PlyCount "55"]
[EventDate "2001.10.07"]
[EventType "team-tourn"]
[EventRounds "9"]
[EventCountry "GER"]
[SourceTitle "EXT 2003"]
[Source "ChessBase"]
[SourceDate "2002.11.25"]
[SourceVersion "1"]
[SourceVersionDate "2002.11.25"]
[SourceQuality "1"]
[WhiteTeam "Neubrandenburg SV Turbine"]
[BlackTeam "Neubrandenburg SG Eintracht III"]
[WhiteTeamCountry "GER"]
[BlackTeamCountry "GER"]

1. b4 c6 2. e3 a5 3. b5 Qb6 4. a4 e6 5. Bb2 d5 6. c4 dxc4 7. Bxc4 Nd7 8. bxc6 Qxc6 9. Bf1 Ngf6 10. Nf3 Be7 11. Bb5 Qc7 12. Be5 Qd8 13. Qc2 0-0 14. Bc7 Qe8 15. Na3 Nd5 16. Be5 Qd8 17. 0-0 Nxe5 18. Nxe5 Bf6 19. Nac4 Qc7 20. Qe4 b6 21. Rac1 Bxe5 22. Nxe5 Qe7 23. Bc6 Bb7 24. Nd7 Bxc6 25. Nxf8 Rxf8 26. Rxc6 Qd7 27. Rfc1 g6 28. Qd4 1-0